000
00266nam a2200097Ia 4500
001
1116585
005
20250827004049.0
008
250824s9999 xx 000 0 und d
245
0
_a
BENİ İÇİNDEN SEV B4 15
_c
AHMET BATMAN
260
_b
DESTEK YAYINLARI
999
_c
1116585
_d
1116585